| 000 | 00538nam a2200181Ia 4500 | ||
|---|---|---|---|
| 999 |
_c56647 _d56644 |
||
| 082 | _aR/2CS09 | ||
| 100 | _aShafqat Ahmed Channa | ||
| 100 | _aRoll No. 09CS47 | ||
| 100 | _aSupervisor - Mr. Zuhaib Ahmed Shaikh | ||
| 245 | 0 | _ae-Notice Board For QUEST University. | |
| 260 |
_aNawabshah _bQUEST _c2013 |
||
| 300 | _a33p | ||
| 700 | _aAsif Ali Channa (Roll No. 09CS48) | ||
| 700 | _aSalahuddin Shaikh (Roll No. 09CS68) | ||
| 700 | _aAfifa Wahab (Roll No. 09CS03) | ||
| 700 | _aKalemullah Shaikh (Roll No. 09CS52) | ||
| 942 | _cTHESIS | ||